书目信息 |
| 题名: |
2018年收获文学排行榜作品选
|
|
| 作者: | ;《收获》文学杂志社 编 | |
| 分册: | 中篇小说卷 | |
| 出版信息: | 武汉 长江文艺出版社 2019 |
|
| 页数: | 467页 | |
| 开本: | 24cm | |
| 丛书名: | ||
| 单 册: | ||
| 中图分类: | I217.61 , I247.57 | |
| 科图分类: | ||
| 主题词: | 中国文学--当代文学--作品集 , 中篇小说--小说集--中国--现代 | |
| 电子资源: | ||
| ISBN: | 978-7-5702-0810-4 | |
| 000 | 00752nam0 00229 450 | |
| 001 | 2057184674 | |
| 005 | 20210105111608.22 | |
| 010 | @a978-7-5702-0810-4@dCNY56.00 | |
| 100 | @a20190528d2019 em y0chiy50 ea | |
| 101 | 0 | @achi |
| 102 | @aCN@b420000 | |
| 105 | @ay z 000ay | |
| 200 | 1 | @a2018年收获文学排行榜作品选@92018 nian shou huo wen xue pai xing bang zuo pin xuan@i中篇小说卷@b专著@f《收获》文学杂志社编 |
| 210 | @a武汉@c长江文艺出版社@d2019 | |
| 215 | @a467页@d24cm | |
| 606 | 0 | @a中国文学@x当代文学@x作品集 |
| 606 | 0 | @a中篇小说@x小说集@y中国@z现代 |
| 690 | @aI217.61@v5 | |
| 690 | @aI247.57@v5 | |
| 711 | 02 | @a《收获》文学杂志社@9《shou huo 》wen xue za zhi she@4编 |
| 801 | 2 | @aCN@b58marc.cn@c20190601 |
| 905 | @aMUSE@dI217.61@e76-2 | |
| 2018年收获文学排行榜作品选.中篇小说卷/《收获》文学杂志社编.-武汉:长江文艺出版社,2019 |
| 467页;24cm |
| ISBN 978-7-5702-0810-4:CNY56.00 |
| ● |
| 相关链接 |
|
|
|
正题名:2018年收获文学排行榜作品选
索取号:I217.61/76-2
 
预约/预借
| 序号 | 登录号 | 条形码 | 馆藏地/架位号 | 状态 | 备注 |
| 1 | 2000877073 | 2000877073 | 第一书库/ [索取号:I217.61/76-2] | 在馆 | |
| 2 | 2000877074 | 2000877074 | 第一书库/ [索取号:I217.61/76-2] | 在馆 | |
| 3 | 871317 | 2000871317 | 第一书库/ [索取号:I217.61/76-2] | 在馆 | |
| 4 | 871318 | 2000871318 | 第一书库/ [索取号:I217.61/76-2] | 在馆 | |
| 5 | 871319 | 2000871319 | 第一书库/ [索取号:I217.61/76-2] | 在馆 |